<?xml version="1.0" encoding="UTF-8"?>
<record
    xmlns:xsi="http://www.w3.org/2001/XMLSchema-instance"
    xsi:schemaLocation="http://www.loc.gov/MARC21/slim http://www.loc.gov/standards/marcxml/schema/MARC21slim.xsd"
    xmlns="http://www.loc.gov/MARC21/slim">

  <leader>01302nam a22001817a 4500</leader>
  <controlfield tag="008">110829t        xxu||||| |||| 00| 0 eng d</controlfield>
  <datafield tag="020" ind1=" " ind2=" ">
    <subfield code="a">0673468062 9780673468062</subfield>
  </datafield>
  <datafield tag="050" ind1=" " ind2=" ">
    <subfield code="a">HB171.5 .M46 </subfield>
  </datafield>
  <datafield tag="100" ind1=" " ind2=" ">
    <subfield code="a">McCarty, Marilu Hurt</subfield>
    <subfield code="q">Marilu Hurt McCarty</subfield>
  </datafield>
  <datafield tag="245" ind1=" " ind2=" ">
    <subfield code="a">Dollars and sense : an introduction to economics </subfield>
    <subfield code="c">Marilu Hurt McCarty</subfield>
  </datafield>
  <datafield tag="250" ind1=" " ind2=" ">
    <subfield code="a">7th ed</subfield>
  </datafield>
  <datafield tag="260" ind1=" " ind2=" ">
    <subfield code="a">New York, NY </subfield>
    <subfield code="b">HarperCollins College Publishers</subfield>
    <subfield code="c">New York, NY : HarperCollins College Publishers, c1994</subfield>
  </datafield>
  <datafield tag="300" ind1=" " ind2=" ">
    <subfield code="a">xiii, 372 p. </subfield>
    <subfield code="b">ill. </subfield>
    <subfield code="c">24 cm</subfield>
  </datafield>
  <datafield tag="500" ind1=" " ind2=" ">
    <subfield code="a">Includes bibliographical references and index</subfield>
  </datafield>
  <datafield tag="505" ind1=" " ind2=" ">
    <subfield code="a">Contents: Chap. 1. Scarcity and choice -- Chap. 2. Demand and supply: The Basics -- Chap. 3. More about demand: Price elasticity -- Chap. 4. More about supply: Costs of production and price elasticity of supply -- Chap. 5. Imperfect competition and inefficient outcomes -- Chap. 6. Labor markets and the labor movement -- Chap. 7. Measuring economic activity -- Chap. 8. Cycles in economic activity -- Chap. 9. Government finance and fiscal policy -- Chap. 10. Financial institutions and monetary policy -- Chap. 14. Inflation -- Chap. 12. Unemployment -- Chap. 13.  Poverty and income distribution -- Chap. 14. Economic growth -- Chap. 15. Global trade and finance </subfield>
  </datafield>
  <datafield tag="650" ind1=" " ind2=" ">
    <subfield code="a">Economics</subfield>
  </datafield>
  <datafield tag="942" ind1=" " ind2=" ">
    <subfield code="2">lcc</subfield>
    <subfield code="c">BK</subfield>
  </datafield>
  <datafield tag="999" ind1=" " ind2=" ">
    <subfield code="c">41</subfield>
    <subfield code="d">7541</subfield>
  </datafield>
  <datafield tag="952" ind1=" " ind2=" ">
    <subfield code="0">0</subfield>
    <subfield code="1">0</subfield>
    <subfield code="2">lcc</subfield>
    <subfield code="4">0</subfield>
    <subfield code="7">0</subfield>
    <subfield code="a">WIUC-1</subfield>
    <subfield code="b">WIUC-1</subfield>
    <subfield code="c">GEN</subfield>
    <subfield code="d">2011-08-29</subfield>
    <subfield code="l">0</subfield>
    <subfield code="o">HB171.5 .M46</subfield>
    <subfield code="p">072/11</subfield>
    <subfield code="r">2011-08-29 00:00:00</subfield>
    <subfield code="t">1</subfield>
    <subfield code="w">2011-08-29</subfield>
    <subfield code="y">BK</subfield>
  </datafield>
</record>
